| 000 | 02911nam a22003257a 4500 | ||
|---|---|---|---|
| 003 | OSt | ||
| 005 | 20240925125228.0 | ||
| 008 | 240925s2022 mx ab||f |||| 001 0 spa d | ||
| 020 | _a9786075431659 | ||
| 040 |
_aCHAP _cCHAP _erda |
||
| 082 | 0 | 0 |
_222 _a304.20972 _bA64 |
| 245 |
_aAportaciones teórico-prácticas a la bioculturalidad: _baproximaciones desde el sur mexicano / _ccoordinado por Gillian E. Newell y Enrique Pérez López |
||
| 250 | _aPrimera edición | ||
| 264 |
_aMéxico: _bUniversidad de Ciencias y Artes de Chiapas, _c2022. |
||
| 300 |
_a334 páginas _bIlustraciones, cuadros |
||
| 336 |
_2rdacontent _atexto _btxt |
||
| 337 |
_2rdamedia _asin medio _bn |
||
| 338 |
_2rdacarrier _avolumen _bnc |
||
| 490 | 1 | _aColección Selva Negra | |
| 504 | _aIncluye índice y bibliografía | ||
| 520 | _aEl concepto y el paradigma de la bioculturalidad, en nuestra opinión colectiva. es una respuesta poderosa y necesaria a los problemas que enfrentamos en el contexto real, desalentador y supracomplejo de la crisis planetaria actual globalizada. En este libro, compuesto por una introducción, diez capítulos y un epílogo procedente de cuatro estados sureños ( Chiapas, Oaxaca, Veracruz y Yucatán ) de México, se dialoga, examina y teoriza sobre el término y el modelo de estudio de la bioculturalidad para garantizar una plataforma y aportación crítica y constructiva en esta campo de conocimiento emergente. Se abordan las preguntas; ¿Qué es es la bioculturalidad? ¿ Por qué es importante este concepto, y su mercado de estudio? ¿Qué es eso, qué son, las bioculturalidades de y en ciertas áreas, regiones, prácticas, territorios, espacios y culturas? ¿Existe y cómo es/son la bioculturalidad o las bioculturalidades de y en el sur mexicano? Se visualizan cuatro ejes que consideramos, forman la agenda y el núcleo del tema de la bioculturalidad en el sur mexicano. Utilizadas para organizar las discusiones en este libro, estos cuatro ejes son; Bioculturalidad y lenguas originarias; Metodologías e interdisciplinariedad; Bioculturalidad, territorialidad y biota; y Experiencias de conservación: comunidad, patrimonio y bioculturalidad. escrito desde la interdisciplinariedad: la antropología, etnobiología, psicología, ciencias sociales y educación ambiental. Esperamos contribuir a la expansión y el fortalecimiento del concepto y estudio de la bioculturalidad como también al estilo y enfoque de vida que este paradigma conlleva e implica. | ||
| 650 | 2 |
_aComunidades rurales _xLenguaje y sociedad _9134978 |
|
| 650 | 7 |
_aConocimiento ecológico tradicional _zMéxico _9189633 |
|
| 650 | 4 |
_aDesarrollo sustentable _xMéxico _932090 |
|
| 650 | 7 |
_aPatrimonio biocultural _zMéxico _9189634 |
|
| 700 | 1 |
_aNewell Gilliam E. _9189631 _ecoordinador |
|
| 700 | 1 |
_aPérez López, Enrique _9189632 _ecoordinador |
|
| 830 | 0 |
_aColección Selva Negra _9127619 |
|
| 942 |
_2ddc _cLIBRO |
||
| 999 |
_c220176 _d220176 |
||